| Tag |
First Indicator |
Second Indicator |
Subfields |
| LEADER |
00000cam a2200000 a 4500 |
| 001 |
in00002812699 |
| 005 |
20210506140210.0 |
| 008 |
130322s2005 caual b 000 0 eng |
| 010 |
|
|
|a 2010713758
|
| 019 |
|
|
|a 67696022
|
| 035 |
|
|
|a (OCoLC)ocm62189075
|
| 035 |
|
|
|a (OCoLC)62189075
|z (OCoLC)67696022
|
| 040 |
|
|
|a RSD
|b eng
|e dcrmb
|c YUS
|d DLC
|d UBY
|d TXA
|d UtOrBLW
|
| 042 |
|
|
|a pcc
|
| 043 |
|
|
|a a-ph---
|
| 049 |
|
|
|a TXAM
|
| 050 |
0 |
0 |
|a TS1095.P55
|b T46 2005
|
| 100 |
1 |
|
|a Thomas, P.
|q (Peter)
|
| 245 |
1 |
4 |
|a The history of papermaking in the Philippines /
|c Peter and Donna Thomas.
|
| 264 |
|
1 |
|a Santa Cruz, [Calif.] :
|b Peter and Donna Thomas,
|c 2005.
|
| 300 |
|
|
|a 8 unnumbered pages, 40 pages, 2 unnumbered pages :
|b illustrations, mounted samples ;
|c 28 x 35 cm.
|
| 336 |
|
|
|a text
|b txt
|2 rdacontent
|
| 337 |
|
|
|a unmediated
|b n
|2 rdamedia
|
| 338 |
|
|
|a volume
|b nc
|2 rdacarrier
|
| 500 |
|
|
|a All but six pages measure 27 x 19 cm. The full-size pages contain a total of 11 mounted paper samples.
|
| 500 |
|
|
|a "Seventy-five copies of this book have been letterpress printed on Peter's handmade paper and handbound by Peter and Donna Thomas. The illustrations were printed from linoleum blocks carved by Donna Thomas. ... The cloth used on the binding is called T'nalak. It is woven from abaca fiber by the T'boli people in South Cotabato. The patterns in the cloth are created before the cloth is woven by employing a complex method of ikat, a wax resist tie-dye."--Colophon.
|
| 500 |
|
|
|a The Cushing Library/Laughlin Collection copy is number 33 and is signed on the colophon by the authors.
|
| 500 |
|
|
|a Purchased for the Cushing Library/Laughlin Collection by The Cushing Library.
|
| 500 |
|
|
|a Illustrated title-page with title lettering in black and red.
|
| 500 |
|
|
|a In cloth-covered slipcase with mounted paper label with linocut illustration and title.
|
| 504 |
|
|
|a "Notes & sources" (pages 31-35).
|
| 650 |
|
0 |
|a Papermaking
|z Philippines.
|
| 650 |
|
0 |
|a Handmade paper
|z Philippines
|v Specimens.
|
| 655 |
|
7 |
|a Linocuts
|z California
|z Santa Cruz
|y 2000-2010.
|2 gmgpc
|
| 655 |
|
7 |
|a Typefaces (Type evidence)
|x Goudy Modern.
|2 rbtyp
|
| 655 |
|
7 |
|a Typefaces (Type evidence)
|x Neuland.
|2 rbtyp
|
| 655 |
|
7 |
|a Linocuts
|z United States
|y 21st century.
|2 aat
|
| 700 |
1 |
|
|a Thomas, Donna
|q (Donna Sue)
|
| 948 |
|
|
|a cataloged
|b h
|c 2013/8/5
|d c
|e junters
|f 10:57:46 am
|
| 994 |
|
|
|a C0
|b TXA
|
| 999 |
|
|
|a MARS
|
| 999 |
f |
f |
|s f6e94e62-5d8e-3b05-9bcc-eb7e4e7b234b
|i 9bea67e8-fac3-3f4c-8576-414bc5eca9e0
|t 0
|
| 952 |
f |
f |
|p noncirc
|a Texas A&M University
|b College Station
|c Cushing Memorial Library & Archives
|d Cushing: Laughlin (Does not check out)
|t 0
|e TS1095.P55 T46 2005
|h Library of Congress classification
|i unmediated -- volume
|
| 998 |
f |
f |
|a TS1095.P55 T46 2005
|t 0
|l Cushing: Laughlin (Does not check out)
|